000 00303nam a2200121Ia 4500
008 190216s9999||||xx |||||||||||||| ||und||
100 _aArthur V English
245 0 _aAdvanced Tools For Windows Developers
260 _bTech Pubs Pvt Ltd Singapore
300 _a733 p
650 _aComputer
942 _cBK
999 _c8559
_d8559